Willa Bianki

Titel: Willa Bianki : mały przewodnik drohobycki dla przyjaciół (fragmenty) / Władysław Panas. Przygotowanie do druku i nota Paweł Próchniak
Verfasser:
Beteiligt:
Veröffentlicht: Lublin : Wydaw. Uniw. Marii Curie-Skłodowskiej, 2006
Umfang: 101 S.
Format: Buch
Sprache: Polnisch; Ukrainisch
RVK-Notation:
Schlagworte:
ISBN: 832272487X
Buchumschlag
X
Lokale Klassifikation: 32 10 E
alg: 17822795
001A    $00030:22-05-06 
001B    $01999:26-05-23 $t21:15:29.000 
001C    $00030:20-05-15 $t17:16:22.000 
001D    $00030:22-05-06 
001U    $0utf8 
001X    $00 
002@    $0Aay 
003@    $0178227951 
003O    $069294400 $aOCoLC 
004A    $083-227-2487-X 
007A    $0178227951 $aHEB 
007G    $0DE0203DC5D9A4E46E02DCC1257ECB003390D3 
009P    $qapplication/pdf $A2 $3Inhaltsverzeichnis $uhttp://scans.hebis.de/HEBCGI/show.pl?17822795_toc.pdf $mV:DE-603;B:DE-Mb50 
010@    $apol $aukr 
011@    $a2006 
013H    $0z 
021A    $aWilla Bianki $dmały przewodnik drohobycki dla przyjaciół (fragmenty) $hWładysław Panas. Przygotowanie do druku i nota Paweł Próchniak 
028A    $#Panas, Vladyslav $7131675737 $8Panas, Władysław$Z1947-2005 [Tp1] $9178227811 
028C    $#Pruchnjak, Pavel $7 $8Próchniak, Paweł [Tnu] $9178227943 
033A    $pLublin $nWydaw. Uniw. Marii Curie-Skłodowskiej 
034D    $a101 S. 
037A    $aText poln. und ukrain. 
044K    $#Schulz, Bruno $#Shults, Bruno $#Šulʹc, Bruno $#Šûlṣ, Brûnô $#บรูโน ชูลซ์ $7118762427 $8Schulz, Bruno$Z1892-1942 [Tp1] $9087103109 
045F    $a809 $eDDC23BSB 
045F/01 $a809 
045F/03 $g438 
045Z    $8NY 9000 [Tkv] $9410953628 
046B    $aParalellsacht.: Villja Bʹjanky 
046L    $aTeilw. in kyrill. Schr., ukrain. 

lok: 17822795 3
101B    $013-06-06 $t09:27:30.000 
101C    $023-05-06 
144Z/20 $aj06jun 
145S/01 $a036 
145S/06 $a770 
145Z/01 $a900 Ad 0100 Schulz, B. 
101U    $0utf8 

exp: 17822795 3 1 #EPN
201B/01 $023-05-06 $t08:28:32.000 
201C/01 $023-05-06 
203@/01 $0398478945 
208@/01 $a23-05-06 $bzAa 
209A/01 $a88.106.10 $du $f000 $h88 106 10 $x00 
209G/01 $a88106105 $x00 
247C/01 $8601000-3 <30>Frankfurt, Universitätsbibliothek J. C. Senckenberg, Zentralbibliothek (ZB) $9102598258 
201U/01 $0utf8 

lok: 17822795 24
101B    $004-09-15 $t10:56:58.000 
101C    $004-09-15 
101U    $0utf8 
145Z/01 $a32 10 E 

exp: 17822795 24 1 #EPN
201B/01 $004-09-15 $t10:56:58.000 
201C/01 $020-05-15 
201U/01 $0utf8 
203@/01 $0754570908 
208@/01 $a04-09-15 $bz 
209A/01 $a15.06643 $du $f050 $h15 06643 $x00 
209C/01 $a15.06643 K $h15 06643 K 
209G/01 $a73620236 $x00 
220C/01 $awal 
244Z/01 $#Schulz, Bruno $#Shults, Bruno $#Šulʹc, Bruno $#Šûlṣ, Brûnô $#บรูโน ชูลซ์ $7118762427 $8--Tp1--Schulz, Bruno$Z1892-1942 $x01 $9087103109 
247C/01 $8358050-7 Marburg, Bibliothek des Herder-Instituts Marburg $9102600961
LEADER 00000cam a22000002c 4500
001 178227951
003 DE-603
005 20230526211529.0
007 tu
008 060522s2006 xx |||| | u00||u|pol c
020 |a 832272487X 
035 |a (DE-599)HEB178227951 
035 |a (OCoLC)69294400 
040 |a DE-603  |b ger  |c DE-603  |d DE-603 
041 |a pol  |a ukr 
082 0 4 |8 1\u  |a 809  |q DE-101  |2 23/BSB 
084 |a NY 9000  |0 (DE-625)132375:  |0 (DE-603)410953628  |2 rvk 
085 |8 1\u  |b 809 
085 |8 1\u  |z 2  |s 438 
100 1 |a Panas, Władysław  |d 1947-2005  |0 (DE-603)178227811  |0 (DE-588)131675737  |2 gnd 
245 0 0 |a Willa Bianki  |b mały przewodnik drohobycki dla przyjaciół (fragmenty)  |c Władysław Panas. Przygotowanie do druku i nota Paweł Próchniak 
246 0 1 |a Paralellsacht.: Villja Bʹjanky 
264 1 |a Lublin  |b Wydaw. Uniw. Marii Curie-Skłodowskiej  |c 2006 
300 |a 101 S. 
500 |a Text poln. und ukrain. 
546 |a Teilw. in kyrill. Schr., ukrain. 
600 1 7 |a Schulz, Bruno  |d 1892-1942  |0 (DE-588)118762427  |0 (DE-603)087103109  |2 gnd 
700 1 |a Próchniak, Paweł  |0 (DE-603)178227943 
856 4 2 |m V:DE-603;B:DE-Mb50  |q application/pdf  |u http://scans.hebis.de/HEBCGI/show.pl?17822795_toc.pdf  |3 Inhaltsverzeichnis 
924 0 |9 30  |a (DE-603)398478945  |b DE-30  |c HES  |d c  |g 88.106.10 
924 0 |9 Mb 50  |a (DE-603)754570908  |b DE-Mb50  |c HES  |d c  |g 15.06643